000 00738nam a2200205Ia 4500
001 969
003 GE_BSU
008 181216s||||||||xx |||||||||||||| ||und||
040 _cGE_BSU
080 _a007:62
100 _aЛившиц,Н.А.;Виноградов,В.Н.;Голубев,Г.А.
245 _aКорреляционная теория оптимального управления многомерными процессами
260 _aМосква
260 _bСоветское радио
260 _c1974
300 _a328стр.
541 _h6л.
653 _aКорреляционная теория оптимального управления многомерными процессами
942 _cBK
999 _c35128
_d35128